| Tag |
First Indicator |
Second Indicator |
Subfields |
| LEADER |
00000cas a2200000L 4500 |
| 001 |
in00000081535 |
| 005 |
20151008053009.0 |
| 008 |
751101d19631970ohuuu 0uuua0eng d |
| 010 |
|
|
|a 63016146
|
| 035 |
|
|
|a (OCoLC)01772503
|
| 035 |
|
|
|9 AAH5784AM
|
| 040 |
|
|
|a MUL
|c MUL
|d TXA
|d UtOrBLW
|
| 049 |
|
|
|a TXAE
|
| 090 |
|
|
|a TA684
|b .J25
|
| 110 |
2 |
|
|a James F. Lincoln Arc Welding Foundation.
|
| 245 |
1 |
0 |
|a Modern welded structures.
|
| 264 |
|
1 |
|a Cleveland.
|b [publisher not identified] ;
|
| 300 |
|
|
|a 3 volumes :
|b illustrations
|
| 336 |
|
|
|a text
|b txt
|2 rdacontent
|
| 337 |
|
|
|a unmediated
|b n
|2 rdamedia
|
| 338 |
|
|
|a volume
|b nc
|2 rdacarrier
|
| 362 |
0 |
|
|a v. 1-3; 1963-1970.
|
| 650 |
|
0 |
|a Welded steel structures.
|
| 999 |
|
|
|a MARS
|
| 999 |
f |
f |
|s 7bff9f2d-fae9-365c-be35-e3f906bbbad4
|i 46cfc86f-b232-3490-bdb4-e2ed49d3dd2c
|t 0
|
| 952 |
f |
f |
|p ric
|a Texas A&M University
|b Rellis Campus
|c Joint Library Facility
|d Remote Storage
|t 0
|e TA684 .J25
|h Library of Congress classification
|i unmediated -- volume
|k v.3
|l 1970
|m A14807361624
|
| 952 |
f |
f |
|p ric
|a Texas A&M University
|b Rellis Campus
|c Joint Library Facility
|d Remote Storage
|t 0
|e TA684 .J25
|h Library of Congress classification
|i unmediated -- volume
|k v.1
|l 1963
|m A14809713607
|
| 998 |
f |
f |
|a TA684 .J25
|s v.1 (1963),v.3 (1970)
|t 0
|l Remote Storage
|